Zgadnij Daty Urodzenia Sportowcy - Statystyki

Ogólne statystyki
  • Ten quiz został rozwiązany 71 razy
  • Średni wynik to 2 z 5
Statystyki odpowiedzi
Zagadnienie Odpowiedź % Poprawnych
Kiedy Się Urodził Michael Jordan 17 Lutego 1963 roku
40%
Kiedy Się Urodził Kaka 22 kwietnia 1982 roku
40%
Kiedy Się Urodził Zlatan Imbrahimović 3 Października 1981 roku
40%
Kiedy Się Urodził Phil Mickelson 16 czerwca 1970 roku
30%
Kiedy Się Urodził Tom Brady 3 sierpnia 1977 roku
10%
Nie znaleziono quizów pasujących do podanych kryteriów
Rozkład punktacji
Procent ludzi z każdym wynikiem
Percentyl według liczby udzielonych odpowiedzi
Twoja historia wyników
Nie rozwiązałeś tego quizu